000
00488nam a2200145Ia 4500
008
100204s9999 xx 000 0 und d
082
_b
676
100
_a
लिमये अरुण
245
_a
क्लोरोफॉर्म
260
_b
"ग्रंथाली वाचक चळवळ , मुंबई - कुर्ला"
_c
1978
300
_a
199
630
_a
क्लोरोफॉर्म
730
_a
क्लोरोफॉर्म
942
_c
BOOK
999
_c
445871
_d
445868